Návrh riešenia na zlepšenie riadenia projektov v podniku HELLA Slovakia Lighting s.r.o., s využitím agilných prístupov
Enregistré dans:
| Auteur principal: | |
|---|---|
| Autres auteurs: | |
| Format: | Manuscrit Livre |
| Langue: | slovaque |
| Publié: |
2023
|
| Sujets: | |
| Accès en ligne: | http://is.stuba.sk/zp/portal_zp.pl?podrobnosti=170495 |
| Tags: |
Pas de tags, Soyez le premier à ajouter un tag!
|
MARC
| LEADER | 00000ntm a22000003a 4500 | ||
|---|---|---|---|
| 001 | stuzp93578 | ||
| 003 | SK-STU | ||
| 005 | 20230909215459.6 | ||
| 007 | ta | ||
| 008 | 150427s2015----xo-----f-mn---000-0-slo-d | ||
| 040 | |a STU |b slo | ||
| 041 | 0 | |a slo | |
| 100 | 1 | |a Lednický, Juraj |u 064000 |4 aut |U MTF Materiálovotechnologická fakulta |T MTF Ústav priemyselného inžinierstva a manažmentu |X 99571 |U M4000 |Y 84 |7 99571 | |
| 242 | 0 | 1 | |a Proposal of a solution to improve the management of projects in the company HELLA Slovakia Lighting s.r.o. with the use of agile approaches |y eng |
| 245 | 1 | 0 | |a Návrh riešenia na zlepšenie riadenia projektov v podniku HELLA Slovakia Lighting s.r.o., s využitím agilných prístupov |
| 260 | |c 2023 | ||
| 650 | 4 | |a agilita |2 slo | |
| 650 | 4 | |a agilné modely |2 slo | |
| 650 | 4 | |a projekt |2 slo | |
| 650 | 4 | |a projektové riadenie |2 slo | |
| 650 | 4 | |a agile models |2 eng | |
| 650 | 4 | |a agility |2 eng | |
| 650 | 4 | |a project |2 eng | |
| 650 | 4 | |a project managment |2 eng | |
| 700 | 1 | |a Samáková, Jana |u 064000 |k Z1 |4 ths |U MTF Materiálovotechnologická fakulta |T MTF Ústav priemyselného inžinierstva a manažmentu |X 33101 |U M4000 |Y 84 |7 A000033101 | |
| 856 | 4 | |u http://is.stuba.sk/zp/portal_zp.pl?podrobnosti=170495 | |
| 996 | |c M* DP-15171 |l MMSKP |s P |a 0 |w stuzp93578_0001 | ||